Statistics for Football Clubs with the Most Major Trophies

Click here to take the quiz!

General Stats

  • This quiz has been taken 228 times
  • The average score is 16 of 22

Answer Stats

#Club% Correct
101Real Madrid
99%
99Barcelona
97%
67Manchester United
96%
68Liverpool
95%
83Bayern Munich
93%
49AC Milan
91%
32Manchester City
89%
49Arsenal
88%
34Chelsea
88%
70Juventus
88%
47Paris Saint-Germain
88%
44Inter Milan
87%
22Borussia Dortmund
78%
33Atlético Madrid
74%
27Marseille
63%
26Tottenham Hotspur
60%
22Lyon
57%
25Aston Villa
48%
24Valencia
44%
23Everton
39%
22Saint-Étienne
24%
33Athletic Bilbao
23%

Score Distribution

Percentile by Number Answered

Percent of People with Each Score

Your Score History

You have not taken this quiz